000 00893nam a2200265 i 4500
001 bg
100 1 _aZEMÁNEK, Jakub
_d(1984- )
245 1 0 _aCracking bez tajemnic :
_bwszystko, co kiedykolwiek chciałeś wiedzieć o crackingu /
_cJakub Zemánek ; [tł. Jerzy Kędziera].
246 _iTyt. oryg.:
_aCracking bez tajemstvi
260 _aGliwice :
_b"Helion",
_ccop. 2004.
300 _a302, [2] s. :
_bfot. ;
_c24 cm +
_eCD-ROM.
500 _aTyt. oryg.: "Cracking bez tajemstvi" 2002.
504 _aIndeks.
650 9 _aPrzestępstwo komputerowe
655 _aPodręczniki
700 1 _aKĘDZIERA, Jerzy.
_eTł.
020 _a8373614443
040 _cBPK
041 1 _apol
_hcze
080 _a004.056(07)
920 _a83-7361-444-3
942 _cKS
008 s pl f |000 0 pol
999 _c44817
_d44817
856 _uhttp://koha.tu.koszalin.pl/cgi-bin/koha/opac-detail.pl?biblionumber=44817
_yKatalog online BPK